Responses for Show #1548 - Wednesday, May 1, 1991

India Cooper game 1-A.
Game entered from audiorecording.

Contestants

[<< previous game]

India Cooper, an actor and copy editor originally from Denver, New York

Andy Aaron, an attorney from Great Neck, New York

Kay Kipling, a journalist from Bradenton, Florida (whose 2-day cash winnings total $21,500)

[next game >>]

Jeopardy! Round responses

FILE UNDER "J"
U.S. CITIES
FAIRY TALE BIRDS
CULINARY TERMS
BUSINESS & INDUSTRY
MONOPOLY
    $100 1
jerky

Kay
    $100 8
Omaha

Kay
    $100 15
Cinderella

Andy
    $100 21
kneading it

Andy
    $100 22
Cheers

India
    $100 6
Boardwalk

Kay
    $200 2
juggle

India
    $200 9
Buffalo

India
    $200 17
the Ugly Duckling

Andy
    $200 23
(Andy: What is sautée?)

baste

KayAndy
    $200 27
accounting

India
    $200 7
Electric Company & Water Works

Andy
    $300 3
jackpot

Kay
    $300 10
Anchorage

Andy
    $300 18
storks

Kay
    $300 24
(Alex: We have a minute to go, Kay.)

to candy

Triple Stumper
    $300 28
(Andy: Who is Bowie Kuhn?)

Peter Ueberroth

KayAndy
    $500 11
(Andy: Uh, what are getting a "Go to jail" card and, uh, what is, uh, landing on the, uh, Do not pass Go collect $200 fine?)

(2 of) getting a "Go to Jail" card, landing on the space that says Go to Jail, or roll doubles 3 consecutive times

Andy
    $400 4
ju-jitsu

India
    $400 14
(Andy: Uh, what is Lansing?)
(Kay: What is Flint?)

Holland

KayAndy
Triple Stumper
    $400 19
Hansel & Gretel

Kay
    $400 25
to truss

India
    $400 29
Heineken

India
    $400 12
a diamond ring

India
    $500 5
jimsonweed

India
    $500 16
South Carolina

Andy
    $500 20
Thumbelina

India
    $500 26
(Kay: What is to bread?)

to dredge

Kay
Triple Stumper
    $500 30
Kikkoman

Andy
    $500 13
(Kay: What is Marvin's Garden? [*]?)

Marvin Gardens

Kay

Scores at the first commercial break (after clue 14):

Kay Andy India
$700 -$400 $1,700

Scores at the end of the Jeopardy! Round:

Kay Andy India
$1,400 $500 $3,300

Double Jeopardy! Round responses

ENGLISH HISTORY
FAMOUS WOMEN
NONFICTION
BOTANY
FOREIGN WORDS & PHRASES
CRIME & PUNISHMENT
    $200 11
Scotland

Kay
    $200 4
Carrie Nation

Kay
    $200 16
Wilson

Kay
    $200 26
(Alex: We have less than a minute.)

wind

India
    $200 21
detente

Andy
    $200 1
America's Most Wanted

Andy
    $400 12
Cromwell

India
    $400 5
Margaret Mead

Andy
    $400 17
The Right Stuff

Kay
    $400 27
bamboo

India
    $400 22
a colon

Kay
    $400 2
Bonnie & Clyde

India
    $600 13
(Andy: Uh, who is Richard III?)

Richard the Lionhearted (Richard I)

KayAndy
    $600 7
Fanny Brice

India
    $600 18
(William) Styron

India
    $600 28
DNA

India
    $600 23
cloak & dagger

India
    $600 3
income tax evasion

Kay
    $2,500 14
the War (Wars) of the Roses

Kay
    $1,300 8
Bess Truman

India
    $800 19
Marshall McLuhan

Andy
    $800 29
heather

Triple Stumper
    $800 24
(Kay: What is melee?)

maelstrom

KayIndia
    $800 6
treason

Kay
    $1000 15
Calais

Kay
    $1000 9
swimming

Andy
    $1000 20
(Richard) Wright

India
    $1000 30
a pistil

Andy
    $1000 25
cogito, ergo sum

India
    $1000 10
Gary Gilmore

India

Scores at the end of the Double Jeopardy! Round:

Kay Andy India
$7,500 $3,500 $12,200

[wagering suggestions for these scores]

Final Jeopardy! Round responses

SHAKESPEARE
(Alex: [To Kay] "Friends, Romans, countrymen, lend me your ears; I come to bury Caesar not to praise him. The evil that men do".)
AndyWho was Macbeth?
$699
KayWho was Mark Anthony?
$7,000
IndiaWho is Macbeth?
$3,000
Marc Antony

Final scores:

Kay Andy India
$14,500 $2,801 $9,200
3-day champion: $36,000 3rd place: Gibson refrigerator + Nintendo Entertainment System with Wheel of Fortune & Jeopardy! + Fisher Price games & Wheel of Fortune for Game Boy 2nd place: trip on Delta to Savannah, Georgia & stay at Westin Resort

Game dynamics:

Coryat scores:

Kay Andy India
$5,800 $4,000 $11,700
19 R
(including 1 DD),
3 W
13 R,
5 W
(including 1 DD)
23 R
(including 1 DD),
0 W

Combined Coryat: $21,500

[game clues] [game scores] [suggest correction]

Game tape date: 1991-02-19
The J! Archive is created by fans, for fans. Scraping, republication, monetization, and malicious use prohibited; this site may use cookies and collect identifying information. See terms. The Jeopardy! game show and all elements thereof, including but not limited to copyright and trademark thereto, are the property of Jeopardy Productions, Inc. and are protected under law. This website is not affiliated with, sponsored by, or operated by Jeopardy Productions, Inc. Join the discussion at JBoard.tv.